[Event "Hammamet Africa zt 4.1 (Women)"]
[Site "Hammamet"]
[Date "2015.03.30"]
[Round "7"]
[White "Miladi, Amen"]
[Black "Matoussi, Amina"]
[Result "0-1"]
[WhiteElo "1240"]
[BlackElo "1761"]
[PlyCount "48"]
[EventDate "2015.03.26"]
[EventType "tourn"]
[EventRounds "9"]
[EventCountry "TUN"]
[SourceTitle "CBM 165 Extra"]
[Source "ChessBase"]
[SourceDate "2015.04.21"]
[SourceVersion "1"]
[SourceVersionDate "2015.04.21"]
[SourceQuality "1"]

1. e4 d6 2. d4 Nf6 3. Nc3 g6 4. Bg5 Bg7 5. f4 Nfd7 6. Nf3 c5 7. Qd2 cxd4 8. Nxd4 Nc6 9. Nf3 Nb6 10. 0-0-0 Bg4 11. Be2 Bxf3 12. Bxf3 Nc4 13. Qe2 Nxb2 14. e5 Nxd1 15. Rxd1 Qa5 16. exd6 Qa3+ 17. Kb1 Bxc3 18. Bxc6+ Kf8 19. Bh6+ Kg8 20. Qb5 bxc6 21. dxe7 Qxe7 22. Qb3 Qb4 23. Rd7 Qxb3+ 24. axb3 Bg7 0-1

[Event "Hammamet Africa zt 4.1 (Women)"]
[Site "Hammamet"]
[Date "2015.03.28"]
[Round "4"]
[White "Marzouk, Amira"]
[Black "Matoussi, Amina"]
[Result "1/2-1/2"]
[WhiteElo "1726"]
[BlackElo "1761"]
[PlyCount "62"]
[EventDate "2015.03.26"]
[EventType "tourn"]
[EventRounds "9"]
[EventCountry "TUN"]
[SourceTitle "CBM 165 Extra"]
[Source "ChessBase"]
[SourceDate "2015.04.21"]
[SourceVersion "1"]
[SourceVersionDate "2015.04.21"]
[SourceQuality "1"]

1. e4 e6 2. d4 d5 3. exd5 exd5 4. Nf3 Nf6 5. Bd3 Bd6 6. 0-0 0-0 7. c3 c6 8. Bg5 Bg4 9. Nbd2 Nbd7 10. Qc2 Qc7 11. h3 Bxf3 12. Nxf3 h6 13. Bxf6 Nxf6 14. Rfe1 Rfe8 15. Rxe8+ Rxe8 16. Re1 Rxe1+ 17. Nxe1 Qe7 18. Nf3 Ne4 19. Qe2 Nf6 20. Qxe7 Bxe7 21. Kf1 Ne4 22. Ke2 Ng5 23. Nxg5 Bxg5 24. b3 Kf8 25. c4 Ke7 26. cxd5 cxd5 27. Bf5 Kd6 28. Bc8 Kc7 29. Bg4 Kd6 30. Bc8 Kc7 31. Bg4 Kd6 1/2-1/2

[Event "Olympiad Women-41"]
[Site "Tromsoe"]
[Date "2014.08.02"]
[Round "1.1"]
[White "Matoussi, Amina"]
[Black "Zimina, Olga"]
[Result "0-1"]
[WhiteElo "1747"]
[BlackElo "2327"]
[PlyCount "42"]
[EventDate "2014.08.02"]
[EventType "team-swiss"]
[EventRounds "11"]
[EventCountry "NOR"]
[SourceTitle "CBM 162"]
[Source "ChessBase"]
[SourceDate "2014.09.17"]
[SourceVersion "1"]
[SourceVersionDate "2014.09.17"]
[SourceQuality "1"]
[WhiteTeam "Tunisia (W)"]
[BlackTeam "Italy (W)"]
[WhiteTeamCountry "TUN"]
[BlackTeamCountry "ITA"]

1. Nf3 d5 2. g3 Bg4 3. Bg2 Nd7 4. h3 Bh5 5. g4 Bg6 6. Nh4 Be4 7. f3 e6 8. fxe4 Qxh4+ 9. Kf1 Qf6+ 10. Kg1 dxe4 11. Nc3 Nc5 12. e3 Qe5 13. Qf1 0-0-0 14. Qc4 f5 15. b4 Na4 16. b5 Nxc3 17. dxc3 Nf6 18. gxf5 exf5 19. a4 Bc5 20. a5 Qg3 21. Qe2 f4 0-1

[Event "TUN-ch (Women)"]
[Site "Bizert "]
[Date "2014.03.24"]
[Round "1"]
[White "Ben Fredj, Mariem"]
[Black "Matoussi, Amina"]
[Result "0-1"]
[WhiteElo "1319"]
[BlackElo "1767"]
[PlyCount "66"]
[EventDate "2014.03.16"]
[EventType "swiss"]
[EventRounds "9"]
[EventCountry "TUN"]
[SourceTitle "EXT 2016"]
[Source "ChessBase"]
[SourceDate "2015.10.08"]
[SourceVersion "1"]
[SourceVersionDate "2015.10.08"]
[SourceQuality "1"]

1. e4 d6 2. d4 Nf6 3. Nc3 g6 4. Bg5 Bg7 5. e5 dxe5 6. dxe5 Qxd1+ 7. Rxd1 Ng4 8. h3 Nxf2 9. Kxf2 Bxe5 10. Nf3 Bd6 11. Nb5 Bc5+ 12. Be3 Bxe3+ 13. Kxe3 Na6 14. Nc3 Nb4 15. Bd3 0-0 16. a3 Nxd3 17. Rxd3 Bf5 18. Rd2 c6 19. a4 h6 20. h4 Be6 21. Ne5 Kg7 22. Rf2 f6 23. Nd3 b6 24. b4 Bc4 25. Nb2 Bg8 26. g4 Rad8 27. Nd3 e5 28. Rhf1 Bc4 29. Nb2 Bxf1 30. Rxf1 Rd4 31. Rg1 Rxb4 32. Nd3 Rc4 33. Ne2 Rxc2 0-1

[Event "TUN-ch (Women)"]
[Site "Hammamet"]
[Date "2013.03.20"]
[Round "7"]
[White "Marzouk, Amira"]
[Black "Matoussi, Amina"]
[Result "1-0"]
[WhiteElo "1663"]
[BlackElo "1789"]
[PlyCount "57"]
[EventDate "2013.03.16"]
[EventType "tourn"]
[EventRounds "10"]
[EventCountry "TUN"]
[SourceTitle "EXT 2015"]
[Source "ChessBase"]
[SourceDate "2014.11.20"]
[SourceVersion "1"]
[SourceVersionDate "2014.11.20"]
[SourceQuality "1"]

1. e4 b6 2. d4 Bb7 3. Nc3 e6 4. a3 Nf6 5. Bd3 Be7 6. f3 c5 7. Be3 a6 8. Nge2 d5 9. dxc5 bxc5 10. exd5 exd5 11. Bf2 Nbd7 12. Ng3 Ne5 13. Be2 Qd7 14. 0-0 0-0 15. Re1 Ng6 16. Qd2 d4 17. Nce4 Nxe4 18. Nxe4 Ne5 19. Ng3 Bg5 20. Qxg5 f6 21. Qd2 Rae8 22. Rad1 Qc6 23. c3 d3 24. Bxd3 Nxf3+ 25. gxf3 Qxf3 26. Bc4+ Kh8 27. Bd5 Rxe1+ 28. Bxe1 Bxd5 29. Qxd5 1-0

[Event "TUN-ch (Women)"]
[Site "Hammamet"]
[Date "2013.03.20"]
[Round "8"]
[White "Matoussi, Amina"]
[Black "Hidoussi, Maroua"]
[Result "1-0"]
[WhiteElo "1789"]
[BlackElo "1806"]
[PlyCount "59"]
[EventDate "2013.03.16"]
[EventType "tourn"]
[EventRounds "10"]
[EventCountry "TUN"]
[SourceTitle "EXT 2015"]
[Source "ChessBase"]
[SourceDate "2014.11.20"]
[SourceVersion "1"]
[SourceVersionDate "2014.11.20"]
[SourceQuality "1"]

1. Nf3 Nf6 2. g3 d6 3. Bg2 e5 4. b3 Be7 5. Bb2 Nc6 6. c4 Bf5 7. d4 exd4 8. Nxd4 Nxd4 9. Qxd4 c6 10. h3 Qb6 11. Qf4 Bxb1 12. Rxb1 Qa5+ 13. Qd2 Qxa2 14. 0-0 0-0 15. Qc3 Qa6 16. g4 Rfe8 17. g5 Rad8 18. gxf6 Bxf6 19. Qd3 Bxb2 20. Rxb2 d5 21. Rd1 Qa5 22. cxd5 cxd5 23. Bxd5 Qc7 24. Rbd2 Kh8 25. Qb5 Re5 26. Qxb7 Rg5+ 27. Bg2 Rxd2 28. Qxc7 Rxd1+ 29. Kh2 h6 30. Qxf7 1-0

[Event "Arab-ch (Women)"]
[Site "Bizerte"]
[Date "2012.07.06"]
[Round "6"]
[White "Marzouk, Amira"]
[Black "Matoussi, Amina"]
[Result "0-1"]
[WhiteElo "1711"]
[BlackElo "1764"]
[PlyCount "72"]
[EventDate "2012.07.03"]
[EventType "swiss"]
[EventRounds "9"]
[EventCountry "TUN"]
[SourceTitle "EXT 2013"]
[Source "ChessBase"]
[SourceDate "2012.11.22"]
[SourceVersion "1"]
[SourceVersionDate "2012.11.22"]
[SourceQuality "1"]

1. d4 b6 2. Nf3 Bb7 3. Nc3 e6 4. e4 Bb4 5. Bd3 Nf6 6. Qe2 d5 7. e5 Ne4 8. Bd2 Nxd2 9. Qxd2 c5 10. a3 Ba5 11. 0-0 Nc6 12. Bb5 a6 13. Bxc6+ Bxc6 14. Qe3 Bxc3 15. Qxc3 Bb5 16. Rfe1 Rc8 17. Qd2 0-0 18. c3 Qe8 19. Rac1 Ba4 20. Qf4 Qb5 21. Qd2 a5 22. Qe2 c4 23. Nh4 Qd7 24. Rf1 Qe7 25. Nf3 b5 26. Nd2 b4 27. axb4 axb4 28. Ra1 Ra8 29. Qe3 Bc2 30. Rfc1 b3 31. Qf3 Ra7 32. Qe3 Rfa8 33. Qe1 Qb7 34. Nf1 Ra2 35. Rxa2 bxa2 36. Ra1 Qxb2 0-1

[Event "Olympiad Women-39"]
[Site "Khanty-Mansiysk"]
[Date "2010.10.01"]
[Round "10.46"]
[White "Awad, Omaima"]
[Black "Matoussi, Amina"]
[Result "1/2-1/2"]
[WhiteElo "1669"]
[BlackElo "1772"]
[PlyCount "39"]
[EventDate "2010.09.21"]
[EventType "team-swiss"]
[EventRounds "11"]
[EventCountry "RUS"]
[SourceTitle "CBM 139"]
[Source "ChessBase"]
[SourceDate "2010.11.18"]
[SourceVersion "1"]
[SourceVersionDate "2010.11.18"]
[SourceQuality "1"]
[WhiteTeam "Yemen (W)"]
[BlackTeam "Tunisia (W)"]
[WhiteTeamCountry "YEM"]
[BlackTeamCountry "TUN"]

1. e4 d6 2. d4 Nf6 3. Nc3 g6 4. f3 Nbd7 5. Be3 a6 6. Bd3 Bg7 7. Qd2 b5 8. a3 c5 9. dxc5 dxc5 10. Nh3 Qa5 11. 0-0 0-0 12. Bh6 Qb6 13. Kh1 Ne5 14. Bxg7 Kxg7 15. Nf2 Rd8 16. Qe3 Qc7 17. Rad1 Be6 18. Qc1 b4 19. axb4 cxb4 20. Ne2 1/2-1/2

[Event "Africa-ch (Women)"]
[Site "Tripoli"]
[Date "2009.07.29"]
[Round "8"]
[White "Mudongo, Boikhutso"]
[Black "Matoussi, Amina"]
[Result "0-1"]
[WhiteElo "1905"]
[BlackElo "1755"]
[PlyCount "118"]
[EventDate "2009.07.21"]
[EventType "swiss"]
[EventRounds "9"]
[EventCountry "LBY"]
[SourceTitle "CBM 131 Extra"]
[Source "ChessBase"]
[SourceDate "2009.09.03"]
[SourceVersion "2"]
[SourceVersionDate "2009.09.16"]
[SourceQuality "1"]

1. e4 d6 2. d4 Nf6 3. Nc3 g6 4. Nf3 Bg7 5. Bc4 0-0 6. 0-0 c6 7. Bb3 b5 8. a3 Ba6 9. Re1 Nbd7 10. Bg5 Qc7 11. Qd2 e5 12. dxe5 dxe5 13. Bh6 Rad8 14. Qg5 Nc5 15. Ba2 Rfe8 16. Bxg7 Kxg7 17. h3 Ne6 18. Qxe5 Qxe5 19. Nxe5 Nd4 20. Nxf7 Rd7 21. e5 Nd5 22. Nxd5 cxd5 23. Nd6 Rb8 24. Rac1 b4 25. Kh2 b3 26. cxb3 Nxb3 27. Rc3 Nd4 28. b4 Nb5 29. Nxb5 Bxb5 30. Rd1 d4 31. Rc5 Be2 32. Rd2 d3 33. f3 Rbb7 34. Kg3 Rbc7 35. e6 Re7 36. Rxc7 Rxc7 37. Bb1 Rc3 38. a4 Kf6 39. Kf2 Rb3 40. Ba2 Rxb4 41. Ke3 Rxa4 42. Rb2 Ke7 43. Rb7+ Ke8 44. Bb3 Ra5 45. Kd2 Bf1 46. Bc4 a6 47. Rd7 Bxg2 48. Bxd3 Bxh3 49. Bc4 h5 50. Rg7 Bf5 51. Rf7 Re5 52. Rg7 Kf8 53. Rf7+ Ke8 54. Rg7 Bxe6 55. Bxa6 Bf7 56. Bd3 Kf8 57. f4 Rd5 58. Rh7 Kg8 59. Rxf7 Kxf7 0-1

[Event "Africa-ch (Women)"]
[Site "Tripoli"]
[Date "2009.07.25"]
[Round "5"]
[White "Matoussi, Amina"]
[Black "Beddar, Karima"]
[Result "0-1"]
[WhiteElo "1755"]
[BlackElo "1803"]
[PlyCount "76"]
[EventDate "2009.07.21"]
[EventType "swiss"]
[EventRounds "9"]
[EventCountry "LBY"]
[SourceTitle "CBM 131 Extra"]
[Source "ChessBase"]
[SourceDate "2009.09.03"]
[SourceVersion "2"]
[SourceVersionDate "2009.09.16"]
[SourceQuality "1"]

1. e4 e6 2. d3 d5 3. Nd2 Nf6 4. Ngf3 c5 5. g3 Nc6 6. Bg2 b6 7. 0-0 Bb7 8. Re1 Be7 9. e5 Nd7 10. h4 Qc7 11. Qe2 h6 12. Nf1 0-0-0 13. c3 Rdg8 14. d4 g5 15. hxg5 hxg5 16. g4 Kb8 17. Bd2 Qc8 18. b4 cxb4 19. cxb4 Bxb4 20. Bxb4 Nxb4 21. Rec1 Qf8 22. Qd2 Nc6 23. a4 f6 24. Qc3 Rg7 25. Ne3 fxe5 26. dxe5 Nc5 27. Qa3 Qf4 28. Rxc5 bxc5 29. Qxc5 Qb4 30. Qxb4 Nxb4 31. Nd4 Re8 32. Rb1 Nd3 33. Bxd5 exd5 34. Nef5 Rc7 35. e6 Nc5 36. Re1 Bc8 37. Nb5 Rh7 38. Nbd6 Rxe6 0-1

[Event "Olympiad Women-38"]
[Site "Dresden"]
[Date "2008.11.23"]
[Round "10"]
[White "Yuan, Yuanling"]
[Black "Matoussi, Amina"]
[Result "1-0"]
[WhiteElo "2157"]
[BlackElo "1761"]
[PlyCount "55"]
[EventDate "2008.11.13"]
[EventType "team-swiss"]
[EventRounds "11"]
[EventCountry "GER"]
[SourceTitle "CBM 128"]
[Source "ChessBase"]
[SourceDate "2009.01.28"]
[SourceVersion "1"]
[SourceVersionDate "2009.01.28"]
[SourceQuality "1"]
[WhiteTeam "Canada (W)"]
[BlackTeam "Tunisia (W)"]
[WhiteTeamCountry "CAN"]
[BlackTeamCountry "TUN"]

1. e4 e5 2. Nf3 Nf6 3. Nxe5 d6 4. Nf3 Nxe4 5. d4 d5 6. Bd3 Bd6 7. 0-0 0-0 8. c4 c6 9. Nc3 Bf5 10. Qc2 Re8 11. Re1 Na6 12. a3 Bg4 13. Ne5 Ng5 14. cxd5 cxd5 15. f4 f6 16. fxg5 fxe5 17. Bxh7+ Kh8 18. Bg6 Rf8 19. dxe5 Bc5+ 20. Kh1 Bf2 21. Rf1 Bd4 22. Bf4 Nc5 23. h3 Ne6 24. Bh2 Rxf1+ 25. Rxf1 Bxc3 26. bxc3 Qxg5 27. hxg4 Qxg4 28. Bf5 1-0

[Event "WMSG Rapid Team 1st (Women)"]
[Site "Beijing"]
[Date "2008.10.16"]
[Round "7"]
[White "Guerrero Rodriguez, Alejandra"]
[Black "Matoussi, Amina"]
[Result "1-0"]
[WhiteElo "2143"]
[BlackElo "1761"]
[PlyCount "27"]
[EventDate "2008.10.14"]
[EventType "team-tourn (rapid)"]
[EventRounds "9"]
[EventCountry "CHN"]
[SourceTitle "CBM 126 Extra"]
[Source "ChessBase"]
[SourceDate "2008.11.05"]
[SourceVersion "1"]
[SourceVersionDate "2008.11.05"]
[SourceQuality "1"]

1. e4 e5 2. Bc4 Nf6 3. d3 Nc6 4. f4 d6 5. Nf3 Be7 6. 0-0 exf4 7. Bxf4 Na5 8. Nbd2 Be6 9. Bxe6 fxe6 10. Nd4 e5 11. Ne6 Qd7 12. Nxg7+ Kf7 13. Bh6 Rhg8 14. Qh5+ 1-0

[Event "WMSG Rapid Team 1st (Women)"]
[Site "Beijing"]
[Date "2008.10.15"]
[Round "6"]
[White "Matoussi, Amina"]
[Black "Hallaeva, Bahar"]
[Result "0-1"]
[WhiteElo "1761"]
[BlackElo "2119"]
[PlyCount "68"]
[EventDate "2008.10.14"]
[EventType "team-tourn (rapid)"]
[EventRounds "9"]
[EventCountry "CHN"]
[SourceTitle "CBM 126 Extra"]
[Source "ChessBase"]
[SourceDate "2008.11.05"]
[SourceVersion "1"]
[SourceVersionDate "2008.11.05"]
[SourceQuality "1"]

1. e4 e5 2. Nf3 Nc6 3. Bc4 Nf6 4. d3 Bb4+ 5. Bd2 0-0 6. 0-0 Bxd2 7. Nbxd2 d6 8. c3 Ne7 9. d4 Ng6 10. Qb3 Qe7 11. Rad1 c6 12. dxe5 dxe5 13. Bd3 Bg4 14. h3 Be6 15. Qc2 Rad8 16. Nc4 Bc8 17. a4 Nh5 18. Be2 Nhf4 19. Rxd8 Rxd8 20. Rd1 Rxd1+ 21. Bxd1 f6 22. Ne3 Qd8 23. Nf5 Bxf5 24. exf5 Ne7 25. Kh2 Qd7 26. g3 Nfd5 27. Nh4 Kf8 28. c4 Nb4 29. Qb3 a5 30. Bg4 Qd2 31. Kg2 Nd3 32. Qd1 Qxf2+ 33. Kh1 Qf3+ 34. Kg1 Qe4 0-1